00361nam a2200133 a 450008200130000010000160001324500390002926000490006830000090011750000350012650500100016165000400017170000160021100a291bGOR aGordon, E A aAsian Christology and the Mahayana aTokyo, JapanbMaruzen and Company, Ltdc1921 a334p aincludes index and biblioraphy2 aIndex aComparative Religion-Chris & Budhis1 aGordon, E A